Statistics for Millennium Prize Problems

Click here to take the quiz!

General Stats

  • This quiz has been taken 16 times
  • The average score is 5 of 7

Answer Stats

Answer% Correct
P Versus NP Problem
100%
Riemann Hypothesis
80%
Birch and Swinnerton-Dyer Conjecture
60%
Navier-Stokes Existence and Smoothness
60%
Poincaré Conjecture
60%
Yang-Mills Existence And Mass Gap
60%
Hodge Conjecture
40%

Score Distribution

Percentile by Number Answered

Percent of People with Each Score

Your Score History

You have not taken this quiz